Lodenice v Komárne ohlásili prepustenie takmer tisíc ľudí

Hospodárenie Slovenských lodeníc (SLK), a.s. Komárno v r. 1999 - veľká strata podniku, ktorá sa očakáva aj v r. 2000, čo núti manažérov pristúpiť k hromadnému prepúšťaniu zamestnancov. Príčiny daného stavu - nepriechodnosť Dunaja spôsobená vojnovým konfliktom v Juhoslávii. Snaha vedenia lodeníc rieš...

Descripción completa

Guardado en:
Detalles Bibliográficos
Autor principal: Vašina, Peter
Formato: Capítulo de libro
Lenguaje:eslovaco
Materias:
Etiquetas: Agregar Etiqueta
Sin Etiquetas, Sea el primero en etiquetar este registro!

MARC

LEADER 00000naa a2200000 4500
001 r037826
005 20230921105343.5
041 0 |a slo 
044 |a SK 
245 1 0 |a Lodenice v Komárne ohlásili prepustenie takmer tisíc ľudí  |c Peter Vašina 
520 |a Hospodárenie Slovenských lodeníc (SLK), a.s. Komárno v r. 1999 - veľká strata podniku, ktorá sa očakáva aj v r. 2000, čo núti manažérov pristúpiť k hromadnému prepúšťaniu zamestnancov. Príčiny daného stavu - nepriechodnosť Dunaja spôsobená vojnovým konfliktom v Juhoslávii. Snaha vedenia lodeníc riešiť danú situáciu - záujem o jednu z rumunských lodeníc. 
610 2 0 |a hospodárenie finančné 
610 2 0 |a hospodárenie podnikové 
610 2 0 |a strata 
610 2 0 |a prepúšťanie hromadné 
610 2 0 |a prepúšťanie pracovníkov 
610 2 0 |a Slovenské lodenice, a.s. Komárno 
610 2 0 |a 1999 
610 2 0 |a 2000 
100 1 |a Vašina, Peter